<?xml version="1.0" encoding="UTF-8"?>
<record
    xmlns:xsi="http://www.w3.org/2001/XMLSchema-instance"
    xsi:schemaLocation="http://www.loc.gov/MARC21/slim http://www.loc.gov/standards/marcxml/schema/MARC21slim.xsd"
    xmlns="http://www.loc.gov/MARC21/slim">

  <leader>02400nam a2200433uu 4500</leader>
  <controlfield tag="001">1318898</controlfield>
  <controlfield tag="005">20260508075618.0</controlfield>
  <controlfield tag="007">co|||||||</controlfield>
  <controlfield tag="008">130308s2013                        spa  </controlfield>
  <datafield tag="035" ind1=" " ind2=" ">
    <subfield code="a">1318898</subfield>
  </datafield>
  <datafield tag="040" ind1=" " ind2=" ">
    <subfield code="c">comduadb</subfield>
  </datafield>
  <datafield tag="041" ind1=" " ind2=" ">
    <subfield code="a">spa</subfield>
  </datafield>
  <datafield tag="080" ind1=" " ind2=" ">
    <subfield code="a">T/CD</subfield>
  </datafield>
  <datafield tag="082" ind1=" " ind2="4">
    <subfield code="a">616</subfield>
  </datafield>
  <datafield tag="100" ind1="1" ind2="0">
    <subfield code="a">Restrepo Mej&#xED;a, Mauricio</subfield>
    <subfield code="4">aut</subfield>
    <subfield code="e">aut</subfield>
    <subfield code="9">668152</subfield>
  </datafield>
  <datafield tag="245" ind1="1" ind2="0">
    <subfield code="a">Aspectos psicol&#xF3;gicos de la obesidad en adultos</subfield>
  </datafield>
  <datafield tag="260" ind1=" " ind2=" ">
    <subfield code="a">Medell&#xED;n :</subfield>
    <subfield code="b">Autor(a),</subfield>
    <subfield code="c">2013.</subfield>
  </datafield>
  <datafield tag="300" ind1=" " ind2=" ">
    <subfield code="a">1 CD-ROM</subfield>
  </datafield>
  <datafield tag="520" ind1="3" ind2=" ">
    <subfield code="a">Objetivo: Las estad&#xED;sticas de obesidad han tenido un aumento exesivo en los &#xFA;ltimos a&#xF1;os, suficiente para convertirla en la epidemia del siglo XXI. Cualquier aproximaci&#xF3;n terap&#xE9;utica debe conocer las variables en torno a esta condici&#xF3;n, su comorbilidad e impacto de la psicopatolog&#xED;a asociada en la calidad de vida del adulto obeso. Metodolog&#xED;a: Cada una de las secciones de este escrito requiri&#xF3; revisi&#xF3;n de la literatura cient&#xED;fica de m&#xFA;ltiples fuentes en la Internet, privilegiando los datos obtenidos en instituciones gubernamentales y universitarias de todo el mundo y, art&#xED;culos publicados en fechas recientes a partir de 2008. La obesidad es una condici&#xF3;n m&#xF3;rbida que ha afectado a una enorme mayor&#xED;a de pa&#xED;ses en el mundo y est&#xE1; significativamente asociada con grandes riesgos de comorbilidad psicol&#xF3;gica y detrimento de la calidad de vida; se requiere una aproximaci&#xF3;n multidisciplinaria que incluya la evaluaci&#xF3;n y tratamiento psicol&#xF3;gico para disminuir los riesgos asociados y mejorar la calidad de vida del paciente obeso.</subfield>
  </datafield>
  <datafield tag="650" ind1=" " ind2="7">
    <subfield code="a">Obesidad</subfield>
    <subfield code="2">lemb</subfield>
    <subfield code="9">12710</subfield>
  </datafield>
  <datafield tag="650" ind1=" " ind2="7">
    <subfield code="a">Obesidad</subfield>
    <subfield code="x">Aspectos psicol&#xF3;gicos</subfield>
    <subfield code="2"></subfield>
    <subfield code="9">1522</subfield>
  </datafield>
  <datafield tag="650" ind1=" " ind2=" ">
    <subfield code="a">Obesidad - Epidemiolog&#xED;a</subfield>
    <subfield code="9">195291</subfield>
  </datafield>
  <datafield tag="650" ind1=" " ind2=" ">
    <subfield code="a">&#xCD;ndice de Masa Corporal (IMC)</subfield>
    <subfield code="9">33481</subfield>
  </datafield>
  <datafield tag="650" ind1=" " ind2="7">
    <subfield code="a">Conducta alimentaria</subfield>
    <subfield code="2">decs</subfield>
    <subfield code="9">17901</subfield>
  </datafield>
  <datafield tag="650" ind1=" " ind2="7">
    <subfield code="a">Personalidad</subfield>
    <subfield code="2">lemb</subfield>
    <subfield code="9">550</subfield>
  </datafield>
  <datafield tag="650" ind1=" " ind2=" ">
    <subfield code="a">Estr&#xE9;s</subfield>
    <subfield code="9">187580</subfield>
  </datafield>
  <datafield tag="650" ind1=" " ind2="7">
    <subfield code="a">Trastornos de alimentaci&#xF3;n y de la ingesti&#xF3;n de alimentos</subfield>
    <subfield code="2">dcs</subfield>
    <subfield code="9">130627</subfield>
  </datafield>
  <datafield tag="650" ind1=" " ind2="7">
    <subfield code="a">Sobrepeso</subfield>
    <subfield code="2">dcs</subfield>
    <subfield code="9">90286</subfield>
  </datafield>
  <datafield tag="650" ind1=" " ind2=" ">
    <subfield code="a">Adicciones (Psicolog&#xED;a)</subfield>
    <subfield code="9">126519</subfield>
  </datafield>
  <datafield tag="650" ind1=" " ind2="7">
    <subfield code="a">Psicolog&#xED;a cognitiva</subfield>
    <subfield code="2">dcs</subfield>
    <subfield code="9">312</subfield>
  </datafield>
  <datafield tag="650" ind1=" " ind2="7">
    <subfield code="a">Personalidad</subfield>
    <subfield code="2">lemb</subfield>
    <subfield code="9">550</subfield>
  </datafield>
  <datafield tag="650" ind1=" " ind2="7">
    <subfield code="a">Psicolog&#xED;a social</subfield>
    <subfield code="2">lemb</subfield>
    <subfield code="9">127</subfield>
  </datafield>
  <datafield tag="650" ind1=" " ind2=" ">
    <subfield code="a">Perfil psicol&#xF3;gico</subfield>
    <subfield code="9">38024</subfield>
  </datafield>
  <datafield tag="650" ind1=" " ind2="7">
    <subfield code="a">Psicoterapia</subfield>
    <subfield code="2">lemb</subfield>
    <subfield code="9">2359</subfield>
  </datafield>
  <datafield tag="700" ind1="1" ind2="0">
    <subfield code="a">Tamayo Lopera, Diego</subfield>
    <subfield code="4">ths</subfield>
    <subfield code="e">ths</subfield>
    <subfield code="9">280012</subfield>
  </datafield>
  <datafield tag="942" ind1=" " ind2=" ">
    <subfield code="c">TESIS</subfield>
  </datafield>
  <datafield tag="999" ind1=" " ind2=" ">
    <subfield code="c">646272</subfield>
    <subfield code="d">646272</subfield>
  </datafield>
  <datafield tag="502" ind1=" " ind2=" ">
    <subfield code="b">105</subfield>
    <subfield code="c">12</subfield>
  </datafield>
  <datafield tag="526" ind1=" " ind2=" ">
    <subfield code="a">106</subfield>
  </datafield>
  <datafield tag="952" ind1=" " ind2=" ">
    <subfield code="0">0</subfield>
    <subfield code="1">0</subfield>
    <subfield code="4">0</subfield>
    <subfield code="7">0</subfield>
    <subfield code="8">DIGITAL</subfield>
    <subfield code="a">CISH</subfield>
    <subfield code="b">CISH</subfield>
    <subfield code="d">2013-03-08</subfield>
    <subfield code="e">Material adquirido por donaci&#xF3;n</subfield>
    <subfield code="i">C1169202</subfield>
    <subfield code="l">0</subfield>
    <subfield code="o">T/CD-09356</subfield>
    <subfield code="p">0626585</subfield>
    <subfield code="r">2023-05-02 00:00:00</subfield>
    <subfield code="t">1</subfield>
    <subfield code="w">2023-05-02</subfield>
    <subfield code="y">DIGITAL</subfield>
  </datafield>
  <datafield tag="952" ind1=" " ind2=" ">
    <subfield code="0">0</subfield>
    <subfield code="1">0</subfield>
    <subfield code="4">0</subfield>
    <subfield code="7">0</subfield>
    <subfield code="8">TESDIGBC</subfield>
    <subfield code="a">BC</subfield>
    <subfield code="b">BC</subfield>
    <subfield code="d">2014-02-13</subfield>
    <subfield code="i">C1197535</subfield>
    <subfield code="l">0</subfield>
    <subfield code="o">616.398 R436a CD-ROM</subfield>
    <subfield code="p">0973284</subfield>
    <subfield code="r">2023-05-02 00:00:00</subfield>
    <subfield code="t">2</subfield>
    <subfield code="w">2023-05-02</subfield>
    <subfield code="y">DIGITAL</subfield>
  </datafield>
</record>
